Construction contracts : (Record no. 21669)
[ view plain ]
| 000 -LEADER | |
|---|---|
| fixed length control field | 01407cam a22002655a 4500 |
| 001 - CONTROL NUMBER | |
| control field | 18291016 |
| 005 - DATE AND TIME OF LATEST TRANSACTION | |
| control field | 20160721135434.0 |
| 008 - FIXED-LENGTH DATA ELEMENTS--GENERAL INFORMATION | |
| fixed length control field | 140905s2015 enk frb 001 0 eng d |
| 020 ## - INTERNATIONAL STANDARD BOOK NUMBER | |
| International Standard Book Number | 9781138795518 (pbk.) |
| 020 ## - INTERNATIONAL STANDARD BOOK NUMBER | |
| Cancelled/invalid ISBN | 9781315758398 (ebk) |
| 040 ## - CATALOGING SOURCE | |
| Original cataloging agency | DLC |
| Language of cataloging | eng |
| Transcribing agency | DLC |
| Modifying agency | DLC |
| 043 ## - GEOGRAPHIC AREA CODE | |
| Geographic area code | e-uk--- |
| 082 04 - DEWEY DECIMAL CLASSIFICATION NUMBER | |
| Classification number | 343.41078624 |
| Edition number | 22 |
| Item number | CHA |
| 100 1# - MAIN ENTRY--PERSONAL NAME | |
| Personal name | Chappell, David |
| Fuller form of name | (David M.) |
| 9 (RLIN) | 39880 |
| 245 10 - TITLE STATEMENT | |
| Title | Construction contracts : |
| Remainder of title | questions and answers / |
| Statement of responsibility, etc | David Chappell. |
| 250 ## - EDITION STATEMENT | |
| Edition statement | 3rd ed. |
| 260 ## - PUBLICATION, DISTRIBUTION, ETC. (IMPRINT) | |
| Place of publication, distribution, etc | Oxon ; |
| -- | New York : |
| Name of publisher, distributor, etc | Routledge / Taylor & Francis Group, |
| Date of publication, distribution, etc | 2015. |
| 300 ## - PHYSICAL DESCRIPTION | |
| Extent | xxvi, 337 p. ; |
| Dimensions | 22 cm. |
| 500 ## - GENERAL NOTE | |
| General note | Index : p. [333]-337. |
| 504 ## - BIBLIOGRAPHY, ETC. NOTE | |
| Bibliography, etc | Includes bibliographical references. |
| 505 0# - FORMATTED CONTENTS NOTE | |
| Formatted contents note | Tendering -- Pre-contract issues -- Possession of the site -- General contractual matters -- Warranties, bonds and novation -- Contractor's programme -- Contract administration -- Architects -- Fees -- Design -- Architect's instructions -- Inspection -- Defects during progress -- Defects after practical completion -- Valuation and payment -- Certificates -- Sub-contracts -- Extensions of time/adjustment of the completion date -- Liquidated damages -- Loss and/or expense -- Sectional completion -- Practical completion and partial possession -- Termination -- Disputes. |
| 653 ## - INDEX TERM--UNCONTROLLED | |
| Resource For college | BAEPS, Business Administration |
| Arrived date list | April2016 |
| 650 #7 - SUBJECT ADDED ENTRY--TOPICAL TERM | |
| 9 (RLIN) | 12257 |
| Topical term or geographic name as entry element | Construction contracts |
| Geographic subdivision | Great Britain |
| Source of heading or term | BUEsh |
| 942 ## - ADDED ENTRY ELEMENTS (KOHA) | |
| Source of classification or shelving scheme | Dewey Decimal Classification |
| Withdrawn status | Item status | Source of classification or shelving scheme | Damaged status | Not for loan | Vendor | Home library | Current library | Shelving location | Date acquired | Source of acquisition | Cost, normal purchase price | Total Checkouts | Total Renewals | Full call number | Barcode | Date last seen | Date last borrowed | Cost, replacement price | Koha item type |
|---|---|---|---|---|---|---|---|---|---|---|---|---|---|---|---|---|---|---|---|
| Dewey Decimal Classification | Alahram | Central Library | Central Library | First floor | 20/04/2016 | Purchase | 533.00 | 1 | 21 | 343.41078624 CHA | 000032394 | 28/09/2025 | 22/02/2025 | 666.25 | Book - Borrowing |